LEADER 00998nam0-22002771i-450- 001 990001672600403321 005 20050525151211.0 035 $a000167260 035 $aFED01000167260 035 $a(Aleph)000167260FED01 035 $a000167260 100 $a20030910d1901----km-y0itay50------ba 101 0 $aita 200 1 $aRelazione della Sotto-Commissione incaricata dalla Commissione Censuaria Centrale di esaminare le tariffe d'estimo della provincia di Padova$fMinistero delle Finanze 210 $aRoma$cTip. Elzeviriana$d1901 215 $a85 p.$d30 cm 610 0 $aImposte fondiarie 676 $a336.22 710 02$aItalia.$bMinistero delle finanze$0356818 801 0$aIT$bUNINA$gRICA$2UNIMARC 901 $aBK 912 $a990001672600403321 952 $a60 336.22 A 28$b1825$fFAGBC 959 $aFAGBC 996 $aRelazione della Sotto-Commissione incaricata dalla Commissione Censuaria Centrale di esaminare le tariffe d'estimo della provincia di Padova$9370848 997 $aUNINA LEADER 01200nam0-22003491i-450- 001 990001121740403321 010 $a981-02-1821-4 035 $a000112174 035 $aFED01000112174 035 $a(Aleph)000112174FED01 035 $a000112174 100 $a20000920d1995----km-y0itay50------ba 101 0 $aeng 200 1 $aAdvances in dynamical systems and quantum physics$eProceedings of the Conference on the occasion of the 60th birthday of Gianfausto Dell'Antonio, Capri, Italy May 19-22, 1993$fEditors Sergio Albeverio, Rodolfo Figari, Enza Orlandi, Alessandro Teta 210 $aSingapore [etc.]$cWorld Scientific$d1995 610 0 $aTeoria dei campi 610 0 $aTeoria dello scattering 610 0 $aTeoria dei molti corpi 676 $a530.143 700 1$aAlbeverio,$bSergio$044256 702 1$aDell'Antonio,$bGian Fausto$f<1933- > 702 1$aFigari,$bRodolfo 702 1$aOrlandi,$bEnza 702 1$aTeta,$bAlessandro 801 0$aIT$bUNINA$gRICA$2UNIMARC 901 $aBK 912 $a990001121740403321 952 $a22A-463$b20044$fFI1 959 $aFI1 996 $aAdvances in dynamical systems and quantum physics$9336986 997 $aUNINA DB $aING01